000 00554nam a2200229Ia 4500
003 OSt
005 20220928145318.0
006 a|||||r|||| 00| 0
007 ta
008 220927b |||||||| |||| 00| 0 eng d
024 _a80061
037 _cTextual
040 _aSDCL
_cSDCL
_beng
041 _2eng
_aeng
082 _aS:4, P4
100 _aBeck Aaron T
_9512532
245 0 _aCognitive therapy of personality disorders.
250 _a2
260 _c2004
942 _hS:4, P4
_cTEXL
_2CC
999 _c833117
_d833117